Vista normal
Vista MARC
Entrada Personal Name
Número de registros utilizados en: 6
001 - CONTROL NUMBER
- control field: 1046
003 - CONTROL NUMBER IDENTIFIER
- control field: OSt
005 - DATE AND TIME OF LATEST TRANSACTION
- control field: 20230404210020.0
008 - FIXED-LENGTH DATA ELEMENTS
- fixed length control field: 230404|| aca||aabn | a|a d
040 ## - CATALOGING SOURCE
- Original cataloging agency: OSt
- Transcribing agency: OSt
100 ## - HEADING--PERSONAL NAME
- Personal name: Bierce, Ambrose Gwinnet
- Dates associated with a name: 1842-1914
670 ## - SOURCE DATA FOUND
- Source citation: Work cat.: (OSt)5335: Bierce, Ambrose Gwinnet 1842-1914, Cuentos negros